00987nam a2200229 a 4500001001000000003000500010005001700015008004100032010001100073011001100084040000900095100004300104245017600147260004100323500006000364502011300424650004600537650003900583650002500622650004000647856007000687000112906CHAP20220329144327.0170209s2016 mx sm |||||||spa d a109367 a110339 cCHAP1 aSánchez Morales, Jesus Jose Fernando10aModelación numérica de inundaciones en el cauce del Río San Sebastián del Municipio de Totolapan, Morelosh[En línea]cpor Jesus Jose Fernando Sánchez Morales. aChapingo, Méx. :bEl autor,c2016. aPara ver el contenido del material haga clic en la liga aTesis (Ing. en Recursos Naturales Renovables) -- UACH. Departamento de Enseñanza Investigación en Suelos14aControl de inundacionesxPlanificación.14aHidrologíaxPersepción remota.14aInundacionesxMapeo.14aRioxCaudalxModelos matemáticos. aFinding aiduhttp://10.13.5.2/tesis/sist112906.pdfzTeclea aquí